| 000 | 00731nam a22002177a 4500 | ||
|---|---|---|---|
| 999 |
_c177264 _d177264 |
||
| 005 | 20210216164951.0 | ||
| 010 | _aB-736899 | ||
| 020 |
_a9780195642537 _c925.00 |
||
| 035 | _aB-736899 | ||
| 037 | _bGift/Eng/03-02-2021 | ||
| 082 | _a307.7720954 | ||
| 100 | _aK.S. Singh | ||
| 245 |
_aThe scheduled tribes / _bby K.S. Singh |
||
| 260 |
_aNew Delhi _bOxford University Press _c2012 |
||
| 270 |
_aYMCA Library Building, 1 Jai Singh Road _bNew Delhi _e110001 |
||
| 300 |
_axii, 1266p. _c22cm(pbk) |
||
| 490 |
_aPeople of India _vIII |
||
| 500 | _aincludes bibliographical references | ||
| 942 |
_2ddc _cEN _mKSS _h307.7720954 |
||